000 00547nam a22001817a 4500
005 20251108165429.0
008 250721s1991 xx 000 0 ara d
082 1 4 _a950.2/فاي
100 1 _aأبو جابر، فايز صالح
245 1 0 _aالإستعمار في جنوب شرقي آسيا /
264 1 _aعمان :
_bدار البشير للنشر و التوزيع،
_c1991.
300 _a224ص
650 1 7 _aآسيا
650 1 7 _aتاريخ آسيا
650 1 7 _aالتاريخ الحديث
942 _2ddc
_cBK
999 _c27741
_d27741